000
00244nam a2200097Ia 4500
001
650090
005
20250826154352.0
008
250824s9999 xx 000 0 und d
245
0
_a
Serüven Avcıları Gizli Plan
_c
Jeanne Birdsall
260
_b
ALTIN
999
_c
650090
_d
650090